000 00558nam a2200193 i 4500
001 81636
003 ES-MaACL
005 20230906174459.0
007 t|
008 041105s1925 fr ||||1| fre d
100 1 _aHuisman, Georges.
_964683
245 1 0 _aPour comprendre les monuments de Paris /
_cGeorges Huisman.
260 _a[S.l. :
_bs.n,
_c1925] (
_eCorbeil :
_fCrété)
300 _a391 p. ;
_c18 cm.
490 1 _aBibliothèque du tourisme
830 0 _aBibliothèque du tourisme
_9186690
852 _aES-MaACL
_jF-231
999 _c81636
_d81636